000
00300nam a22001337a 4500
008
190205b xxu||||| |||| 00| 0 eng d
020
_a
9780142002247
041
_a
eng
080
_a
612.39
100
_a
10
101
_a
NUT
245
_a
The Penguin atlas of Food
_c
Millstone,E
942
_2
udc
_c
BK
999
_c
54055
_d
54055